| 000 | 00314nam a22000857a 4500 | ||
|---|---|---|---|
| 999 |
_c23543 _d23543 |
||
| 003 | NUST | ||
| 005 | 20170607122108.0 | ||
| 008 | 131217b xxu||||| |||| 00| 0 eng d | ||
| 020 | _cAvailable | ||
| 040 |
_aDLC _bDLC _cRCMS |
||
| 082 | _a620.004 DEF | ||
| 100 |
_aDepartment of Defense _92150 |
||
| 245 |
_aMilitary Handbook Reliability Predication of Electronic Equipment _cDepartment of Defense |
||
| 260 |
_aUnited States of America _bDepartment of Defence _c2 Jan 1990 |
||
| 300 |
_a100,p: _bill: _c30,cm |
||
| 538 | _iShelf No 1 Row No 3 | ||
| 650 |
_aReliability Prediction of Electronic Equipment _92160 |
||
| 856 | _3Table O f Content Only | ||
| 942 |
_2ddc _cBK |
||